Culture Générale - Série 1668 - Statistiques

Statistiques générales
  • Ce quiz a été pris 91 fois
  • Le résultat moyen est 5 sur 10
Statistiques - réponses
Question Réponse % Correct
Qui a réalisé le film "Orange mécanique" en 1971 ? Stanley Kubrick
89%
A l'extrémité de quel pays se stouve le Cap Horn ? Argentine
85%
Dans quelle série télévisée trouve-t-on Phoebe, Rachel, Ross, Joey, Chandler et Monica ? Friends
80%
Quel département français porte le numéro 18 ? Cher
63%
Quel pays africain est enclavé entre le Botswana, l'Afrique du Sud, le Mozambique et la Zambie ? Zimbabwe
63%
Combien de Français différents ont remporté le tour de France cycliste depuis sa création ? 21
48%
La série "Game of Thrones" se déroule sur deux continents : Essos et ... Westeros
41%
Qui a dit : "Si la France brille à l'étranger par ses penseurs, ses savants, ses artistes, elle doit aussi rayonner par ses sportifs" ? Charles de Gaulle
27%
Quel pays a participé pour la première fois à la coupe du monde de rugby à XV, en 2011 ? Russie
24%
Dans quel pays a été découvert en 2001 un crâne datant de 7 millions d'années et qui a été surnommé " Toumaï" ? Tchad
14%
Aucun quiz correspondant
Distribution des résultats
% des personnes avec chaque résultat
Percentile par nombre de réponses
Votre historique - résultats
Vous n’avez pas pris ce quiz